| 000 | 01104nabaa22001937a 4500 | ||
|---|---|---|---|
| 999 |
_c6295 _d6295 |
||
| 003 | OSt | ||
| 005 | 20260129014503.0 | ||
| 008 | 190701b xxu||||| |||| 00| 0 spa d | ||
| 040 | _cPJ | ||
| 100 |
_9334 _aMairal, Héctor A. |
||
| 245 | 1 | 3 |
_aLa denuncia de ilegitimidad y la acción de indemnización después de la Ley de Bases / _cHéctor A. Mairal. |
| 300 | _ap. 8-18 | ||
| 500 | _aCita: TR LALEY AR/DOC/807/2025 | ||
| 505 | _aSumario: I. Introducción.— II. El régimen de los plazos de caducidad de la LPA. — III. La reformas introducidas por la Ley de Bases.— IV. El verdadero significado del agotamiento de la vía administrativa.— V. La obligación de revocar el acto afectado de nulidad absoluta.— VI. La pérdida de la acción de daños en 30 días.— VII. La solución que corresponde. | ||
| 505 | _t¿Te interesa el texto completo? Comunicate al correo: koha@justierradelfuego.gov.ar | ||
| 650 | 0 |
_9211 _aDERECHO ADMINISTRATIVO |
|
| 773 | 0 |
_02842 _93251 _dBuenos Aires : AbeledoPerrot, 2012- _oDA121 _tDerecho administrativo. Nº 159 mayo/junio 2025 _z18510590 |
|
| 942 |
_2udc _cANA |
||